000 01084nam a22003497a 4500
001 BR0205918
003 BR-BrBNA
005 20230928101218.0
007 ta
008 230509b bl.||||| |||| 00| 0 por d
040 _aBR-BrBNA
_bpor
_cBiblioteca Nacional de Agricultura
041 _a(Por)
072 _aF30
_b0120
_b9205
090 _ 0120 BR0205918
100 1 _aAlves, G.F.
110 1 _aUniversidade Federal de Lavras, MG (Brasil)
_0Tese (Mestre em Agronomia)
245 1 _aAlterações nas propriedades genéticas da população CMS-39 submetida à seleção massal para a prolificidade
260 3 _aLavras, MG (Brasil):
_c2002.
300 _a70 p.
500 _aSummaries (Eng, Por); Bibliography p. 56-62; 26 tables
650 _aMILHO
650 _aGRÃO
650 _aESPIGA
650 _aVARIEDADE RESISTENTE
650 _aVARIAÇÃO GENÉTICA
650 _aSELEÇÃO MASSAL
650 _aMELHORAMENTO GENÉTICO VEGETAL
650 _aMÉTODO ESTATÍSTICO
650 _aMODELO MATEMÁTICO
909 _a202309
_bLucia
_c55
_dLucia Elande
942 _cBK
999 _c64743
_d64743